| 000 | 00720nam a22002417a 4500 | ||
|---|---|---|---|
| 001 | 009185 | ||
| 003 | DO-SdBNP | ||
| 005 | 20160707095933.0 | ||
| 007 | 009185 | ||
| 008 | 160310b 1874 nyu ||||| |||| 00| 0 spa d | ||
| 020 | _a059043053X | ||
| 040 |
_aBPMSU _bspa _cBPMSU |
||
| 092 |
_axxxx _bxxxx |
||
| 100 | 1 |
_aVerne, Jules, _d1828-1905. |
|
| 245 | 1 | 0 |
_aAround the world in eighty days / _cJules Verne ; translated from the French by Edward Roth. |
| 260 |
_aNew York, N.Y. : _bScholastic, _c [1874]. |
||
| 300 |
_a273 p. ; _c20 cm. |
||
| 500 | _a"Apple classics." | ||
| 700 | 1 |
_aRoth, Edward, _etr. |
|
| 710 | 1 | 0 | _aAcademia de la Historia de Cuba |
| 942 |
_2ddc _cBK |
||
| 956 |
_2LOPEREZ _310 _620160707 _8BPMSU _a00041 |
||
| 999 |
_c9185 _d9185 |
||